|
|
|
|
| LEADER |
00000nam a2200000 a 4500 |
| 001 |
vtls001237277 |
| 003 |
SK-MaSNL |
| 005 |
20260301234306.0 |
| 008 |
250414s1992 xo slo |
| 020 |
|
|
|a 8071470929
|q (brož.)
|
| 035 |
|
|
|a SNK000184285
|
| 035 |
|
|
|a urn:nbn:sk:snk-amlk42
|
| 035 |
|
|
|a urn:nbn:sk:snk-am00bqpd
|
| 035 |
|
|
|a 7A4AF269-12E6-474A-AA53-30AF818540DB
|
| 040 |
|
|
|a SNK
|b slo
|c SNK
|e AACR2
|
| 041 |
0 |
|
|a slo
|
| 044 |
|
|
|a xo
|c SK
|
| 080 |
|
|
|a 087.5(084)
|2 1981
|
| 245 |
0 |
0 |
|a Fantóm 4/1992
|h Grafika
|b Vrah z cirkusu ; Zuzana Drábeková
|
| 260 |
|
|
|a Bratislava
|b Semic-Slovart
|c 1992
|e Budapešť
|f Semic-Interprint
|
| 300 |
|
|
|a 36 s.
|c 26x16,8 cm
|
| 366 |
|
|
|e 22 Kčs
|
| 500 |
|
|
|a Komiks.
|
| 500 |
|
|
|a Zo švéd. prel. Zuzana Drábeková.
|
| 655 |
|
7 |
|a beztextové leporelá
|2 SNK
|9 63057
|
| 700 |
1 |
|
|a Drábeková, Zuzana,
|d 1958-
|4 oth
|9 105789
|
| 852 |
|
|
|a Slovenská národná knižnica
|
| 919 |
|
|
|a 80-7147-092-9
|
| 954 |
|
|
|a komiksy
|a seriály kreslené detské
|a hračky knižné
|
| 958 |
|
|
|a BQ
|
| 958 |
|
|
|a DB
|
| 958 |
|
|
|a LX
|
| 958 |
|
|
|a TL
|
| 958 |
|
|
|a OND
|
| 999 |
|
|
|c 969607
|d 971537
|
| 952 |
|
|
|a SNK
|b SNK
|y PREZ
|7 0
|p 17A0801460
|o snkSB 49040/4
|0 0
|1 0
|4 0
|d 2012-07-12
|f 1
|l 0
|r 2025-02-28 00:00:00
|w 2026-02-24
|
| 952 |
|
|
|t P60, <04>, [BOOK], {604}
|a SNK
|b SNK
|y VYP
|7 0
|p 17A0148749
|o snkSB 49040/4 D1
|0 0
|1 0
|4 0
|d 1998-07-07
|l 0
|r 2005-01-01 00:00:00
|w 2026-02-24
|